| 000 | 00366nam a22001697a 4500 | ||
|---|---|---|---|
| 003 | SGT | ||
| 020 | _a9789389034974 | ||
| 082 |
_a611.018931 _bO19G |
||
| 100 | _aPrasad, Harikrishan | ||
| 245 | _aAtlas of Oral Histology | ||
| 250 | _a2nd | ||
| 260 |
_bElsevier _c2019 |
||
| 300 | _a82 | ||
| 650 | _aOral Histology | ||
| 653 | _aOral Histology | ||
| 942 |
_2ddc _cBK |
||
| 999 |
_c22842 _d22842 |
||